| 000 | 00767nam a2200253 a 4500 | ||
|---|---|---|---|
| 001 | BRCA_3539 | ||
| 005 | 20190320204326.0 | ||
| 008 | 290709s1936----fr-a---###---#000-0#fre-# | ||
| 041 | _afre | ||
| 044 | _afr | ||
| 050 | 4 |
_aF1215 _b.CH37 1936 |
|
| 100 | 1 |
_aChase, Stuart _99183 |
|
| 245 | 1 | 0 |
_aMexique _bÉtude compareé de deux Amériques _cStuart Chase ; traduit de 1´anglais par L. Servicen. |
| 260 |
_aParís _bGallimard _c1936 |
||
| 300 |
_a251 p. _bil., mapas _c23 cm. |
||
| 500 | _aB206 | ||
| 650 | 1 | 4 |
_aViajeros estadounidenses _97583 |
| 651 | 4 |
_aMéxico _xDescripción y viajes _9103 |
|
| 651 | 4 |
_aMéxico _xCivilización _99184 |
|
| 651 | 4 |
_aMéxico _xVida social y costumbres _9769 |
|
| 700 | 1 |
_aServicen, L. _etr _99185 |
|
| 902 | _aGFM | ||
| 942 |
_2lcc _cB |
||
| 999 |
_c3274 _d3274 |
||